Ako meniť ľudí a nebyť pritom grobianom

Spôsoby a metódy, akými môžme korigovať správanie ľudí na pracovisku. Správny prístup k zamestnancom. Rozhovor, upozornenie na chyby, pochvala a pozitívny prístup.

Salvato in:
Dettagli Bibliografici
Autore principale: Pršala, Miroslav
Natura: Capitolo di libro
Lingua:slovacco
Soggetti:
Tags: Aggiungi Tag
Nessun Tag, puoi essere il primo ad aggiungerne!!

MARC

LEADER 00000naa a2200000 4500
001 r042982
005 20231002121103.3
041 0 |a slo 
044 |a SK 
245 1 0 |a Ako meniť ľudí a nebyť pritom grobianom  |c Miroslav Pršala 
520 |a Spôsoby a metódy, akými môžme korigovať správanie ľudí na pracovisku. Správny prístup k zamestnancom. Rozhovor, upozornenie na chyby, pochvala a pozitívny prístup. 
610 2 0 |a vedenie 
610 2 0 |a pracovníci 
610 2 0 |a rozhovor 
610 2 0 |a psychológia 
610 2 0 |a vzťahy pracovné 
610 2 0 |a metódy 
610 2 0 |a správanie 
100 1 |a Pršala, Miroslav